• 首页
  • 本馆介绍
  • 公告通知
  • 最新文献
  • 馆藏检索
  • 电子资源
  • 读者导购
  • 参考咨询
  • 我的图书馆
  • 登录
  • 详细信息显示
  • 放入我的书架
  • 预约/预借图书
  • 作者相关作品
  • 分类相关作品
  • 丛书相关作品
  • 出版社相关作品

书目信息

  • 表格格式
  • 工作单格式
  • 卡片格式
题名:
DNA科学导论
    
 
作者: 弗里尔 , 克罗蒂 , 米克勒斯 著 ;陈永青 , 谢建平 译
分册:  
出版信息: 北京   科学出版社  2005
页数: 480页
开本: 26cm
丛书名:
单 册:
中图分类: Q523
科图分类:
主题词: 脱氧核糖核酸 , 脱氧核糖核酸--研究
电子资源:
ISBN: 7-03-013943-7
000 01337nam0 2200313 450
000 01343nam0 2200313 450
000 01276nam0 2200289 450
000 01239nam0 2200277 45
005 20070528134409.10
010    @a7-03-013943-7@dCNY65.00
100    @a20070418d2005 em y0chiy0120 ea
101 0  @achi
102    @aCN@b110000
105    @ay z 000yy
200 1  @aDNA科学导论@ADNA Ke Xue Dao Lun@f(美)D.A.米克勒斯(David A.Micklos),(美)G.A.弗里尔(Greg A.Freyer),(美)D.A.克罗蒂著@F( Mei )D.A. Mi Ke Le Si (David A.Micklos),( Mei )G.A. Fu Li Er (Greg A.Freyer),( Mei )D.A. Ke Luo Di Zhu@g陈永青,谢建平等译
210    @a北京@c科学出版社@d2005
215    @a480页@d26cm
330    @a本书主要内容包括:遗传学的基本原理,DNA的结构和功能,基因调控;研究单基因的现代技术,全基因组分析的现代方法;癌症的DNA科学原理,DNA科学在人类遗传和进化中的作用,人类物种形成问题等。
510 1  @aDNA Science: A First Course@zeng
606 0  @a脱氧核糖核酸
606 0  @a脱氧核糖核酸@x研究
690    @aQ523@v4
701  1 @c(美)@a弗里尔@AFu Li Er@g(Freyer, Greg A.)@4著
701  1 @c(美)@a克罗蒂@AKe Luo Di@4著
701  1 @c(美)@a米克勒斯@AMi Ke Le Si@g(Micklos, David A.)@4著
702  0 @a陈永青@AChen Yong Qing@4译
702  0 @a谢建平@AXie Jian Ping@c(遗传学)@4译
801  0 @aCN@bTAOJIN@c20070528
905    @a10447@dQ523@e133
    
    DNA科学导论/(美)D.A.米克勒斯(David A.Micklos),(美)G.A.弗里尔(Greg A.Freyer),(美)D.A.克罗蒂著/陈永青,谢建平等译.-北京:科学出版社,2005
    480页;26cm
    
    
    ISBN 7-03-013943-7:CNY65.00
    本书主要内容包括:遗传学的基本原理,DNA的结构和功能,基因调控;研究单基因的现代技术,全基因组分析的现代方法;癌症的DNA科学原理,DNA科学在人类遗传和进化中的作用,人类物种形成问题等。
●
相关链接 在E读中查询图书 在五车中查询图书 在当当中查询图书 在豆瓣中查询图书


正题名:DNA科学导论     索取号:Q523/133         预约/预借

序号 登录号 条形码 馆藏地/架位号 状态 备注
1 0523369   205233692   第二样本阅览室/ [索取号:Q523/133] 在馆    
2 0523370   205233709   第三借阅区/ [索取号:Q523/133] 在馆    
3 0523371   205233718   第三借阅区/ [索取号:Q523/133] 在馆    
4 0523372   205233727   第三借阅区/ [索取号:Q523/133] 在馆    
5 0523373   205233736   第三借阅区/ [索取号:Q523/133] 在馆    
6 0523374   205233745   第三借阅区/ [索取号:Q523/133] 在馆    
7 0523375   205233754   第三借阅区/ [索取号:Q523/133] 在馆    
8 0523376   205233763   第三借阅区/ [索取号:Q523/133] 在馆    
唐山师范学院图书馆 欢迎您!
大连网信软件有限公司© 版权所有